Country By Unique Letter - Statistics

General Stats
  • This quiz has been taken 29 times
  • The average score is 27 of 41
Answer Stats
Z % Correct
Qatar
95%
Yemen
95%
Zambia
95%
Zimbabwe
95%
Mexico
85%
Mozambique
85%
Mozambique
85%
Belize
75%
Norway
75%
Paraguay
75%
Uruguay
75%
Azerbaijan
70%
Czech Republic
70%
Kazakhstan
70%
Kyrgyzstan
70%
Kyrgyzstan
70%
Luxembourg
70%
Uzbekistan
70%
Equatorial Guinea
65%
Myanmar
65%
New Zealand
65%
Germany
60%
Guyana
60%
Hungary
60%
Iraq
60%
Libya
60%
Seychelles
60%
Switzerland
60%
Tanzania
60%
Bosnia and Herzegovina
55%
Italy
55%
Turkey
55%
Brazil
50%
Venezuela
50%
Egypt
45%
Malaysia
45%
Vatican City
45%
Cyprus
40%
Kenya
40%
Syria
40%
Ivory Coast
35%
No matching quizzes found
Score Distribution
Percent of People with Each Score
Percentile by Number Answered
Your Score History
You have not taken this quiz